Ned Kelly - Statistics

General Stats
  • This quiz has been taken 20 times
  • The average score is 6 of 20
Answer Stats
Question Answer % Correct
As a child, Kelly saved a boy from what? Drowning
89%
While on the run, Kelly and his brother were joined by two others, making what? The Kelly Gang
79%
In which British Colony was Kelly born? Victoria
68%
What was Kelly's armour made out of? Iron
47%
Name the other two members of the gang. Joe Byrne
47%
What were Kelly's final words? Such is Life
47%
Where did Kelly and his gang make their last stand? Glenrowan
42%
Steve Hart
42%
When was Kelly executed? 1880
32%
Jerilderie
26%
Before the bank raids, Kelly wrote this very long letter. Jerilderie Letter
16%
Kelly is often considered to be Australia's what? Robin Hood
16%
Kelly first went into hiding after shooting who? A Police Officer
11%
At what age was Kelly first arrested? Fourteen
11%
Where was Kelly when he killed several Constables? Stringybark Creek
11%
The judge who sentenced Kelly also snetenced this member of Kelly's family. His Mother
5%
How many people signed a petition asking for mercy for Kelly? 60,000
0%
What banks did Kelly and his gang rob? Eoroa
0%
How long was the letter? Fifty six pages
0%
At trial, Kelly was sentenced to what? The Death Penalty
0%
No matching quizzes found
Score Distribution
Percent of People with Each Score
Percentile by Number Answered
Your Score History
You have not taken this quiz